00321nam a2200109Ia 4500008004100000050001500041100002000056245005500076260004300131300002400174650001300198150202s9999 xx 000 0 und d aFIC bFIC  aHolt, Victoria. 4aThe house of a thousand lanterns /cVictoria Holt. aGreat Britain :bFontana Books,c1974. a320 pages :c18 cm. aFiction.